00822nam a2200217Ii 45000010005000000030009000050080041000140400033000550410008000880820019000961000026001152450080001412640077002213000012002983360026003103370028003363380027003649400050003919990017004419520146004588905CO-ViMGA241108s9999||||xx |||||||||||||| ||und|| aCO-ViMGAbspaerdacCO-ViMGA0 aunk04a808-8015-C277j1 aEmilio Carilla95432110aJorge Luis Borges :bautor de "Piere Menard" [y otros estudios Borgesianos] 1a[Lugar de publicación no identificado] : Instituto Caro y Cuervo, 1989 avolumen atextbtxt2rdacontent aunmediatedbn2rdamedia avolumebnc2rdacarrier aidficha_siabuc: 8706. -- ficha_no_siabuc:8905 c51263d51263 001040708001aMEVIGERRbMEVIGERRcGENd2006-11-27hVol.1o808-8015-C277jpECA9313r2024-11-26 10:02:39tEj.1w2024-11-26yBKz8706 | 12175